REVENUE LAW PRINCIPLES AND PRACTICE (Record no. 7814)

MARC details
000 -LEADER
fixed length control field 00430nam a22001817a 4500
005 - DATE AND TIME OF LATEST TRANSACTION
control field 20210904140545.0
008 - FIXED-LENGTH DATA ELEMENTS--GENERAL INFORMATION
fixed length control field 210821b ||||| |||| 00| 0 eng d
020 ## - INTERNATIONAL STANDARD BOOK NUMBER
ISBN 978-1-84592-464-5
041 ## - LANGUAGE CODE
Language code of text/sound track or separate title eng
082 ## - DEWEY DECIMAL CLASSIFICATION NUMBER
Classification number 343.4104
100 ## - MAIN ENTRY--AUTHOR NAME
Personal name LEE,NATALIE
245 ## - TITLE STATEMENT
Title REVENUE LAW PRINCIPLES AND PRACTICE
250 ## - EDITION STATEMENT
Edition statement 25th Ed.
260 ## - PUBLICATION, DISTRIBUTION, ETC. (IMPRINT)
Place of publication W.S.
Name of publisher TOTTEL
Year of publication 2007
300 ## - PHYSICAL DESCRIPTION
Number of Pages 1530,p
650 ## - SUBJECT ADDED ENTRY--TOPICAL TERM
Topical Term LAW
942 ## - ADDED ENTRY ELEMENTS (KOHA)
Koha item type Books
Holdings
Lost status Damaged status Collection code Home library Current library Shelving location Date acquired Source of acquisition Full call number Accession Number Koha item type
    LAW JRU Library JRU Library SHELF-30-E 21/08/2021 PURCESS 343.4104 25838 Books